| 000 | 00333nam a2200133Ia 4500 | ||
|---|---|---|---|
| 008 | 191201s2007 xx 000 0 und d | ||
| 082 |
_a005.8 _bFAN |
||
| 100 | _aSTALLINGS, William | ||
| 245 | 0 | _aNetwork Security Essentials | |
| 260 |
_aN.Delhi _bPearson Education _c2007 |
||
| 300 | _a374 | ||
| 650 | _aB.Tech(ECE) | ||
| 942 |
_2ddc _cBK |
||
| 999 |
_c3199 _d3199 |
||